000 01196nam a22002417a 4500
005 20080703144851.0
008 080703t xxu||||| |||| 00| p hin d
010 _aHIN-83738
020 _c290.00
_a9788190423830
035 _aHN-56084
037 _bDBAD / PUB
040 _aDPL
_bHN
082 _a881
245 _aटी.एस.इलियट दि वेस्ट लैंड एवं अन्य कविताएं /
_cकेशव प्रसाद द्वारा अनुदित
246 _aT.S.Eliot the West land and Other Poems
_banalysed and translated by Keshava Prasad
260 _aदिल्ली
_bआकृति प्रकाशन
_c2008
270 _aएफ-29, सादतपुर एक्स
_bदिल्ली
_e110094
_k011- 22964516
300 _a175पृ
_c22सेमी(सजिल्द)
_bसचित्र
650 _aEnglish Poetry
700 _aकेशव प्रसाद
942 _2ddc
_cHN
_h881
_mटीएस
999 _c14207
_d14207